1662 1087 1116 1046 1255 1430 1423 1368 1673 1454 1018 1682 1125 1005 1996 1086 1456 1962 1067 1396 1975 1161 1283 1185 1650 1191 1594 1286 1474 1861 1218 1127 1119 1247 1097 1510 1469 1470 1200 1709 1295 1517 1773 1607 1094 1718 1414 1988 1935 1721 1879 1103 1901 1100 1228 1951 1710 1412 1270 1731 1487 1678 1294 1434 1901 1260 1384 1127 1938 1386 1038 1690 1803 1232 1121 1438 1411 1508 1781 1935 1095 1462 1559 1765 1818 1662 1486 1605 1453 1362 1800 1182 1916 1917 1632 1378 1045 1207 1430 BCNSPRNW ULIB Ver.6.0+V

เปลี่ยนเป็นภาษาไทย

Change to English
 แสดงรายละเอียดบรรณานุกรม
  กลับหน้าหลัก

Brief Record : Get Marc (ISO 2709) : E-mail record : QR code < ปิดหน้าต่าง
LEADER : 00000nam 2200000uu 4500
001    13399108899
003     ULIB
008    110316s2547||||th 000 0 tha d
020    9744657162
060  4 WY85^bพ798น 2547
100 0  เพ็ญศรี พงษ์ประภาพันธ์
110 1  วิทยาลัยพยาบาลบรมราชชนนี นครพนม
245 00 แนวคิดทฤษฎีทางจริยธรรมการนำไปใช้ในวิชาชีพพยาบาล^cเพ็ญศรี พงษ์ประภาพันธ์
260    นครพนม^bวิทยาลัยพยาบาลบรมราชชนนี นครพนม^c2547
300    84 หน้า
650  7 จรรยาบรรณ^xพยาบาล
945    ^p0^l0^i016652
995    เกษร
999 ^a ใช้งานได้ทุกระบบ
รายการนี้ยังไม่มีแท็ก
คุณยังไม่ได้ล็อกอิน คุณสามารถมีกิจกรรมร่วมกับเว็บไซต์ได้ แต่ต้องล็อกอินก่อน ::
  ล็อกอิน

รายการสื่อสารสนเทศ

ลำดับที่ ประเภท เลขเรียก/บาร์โค้ด สถานที่ สถานะ
- ไม่พบข้อมูล -

BibComment


ยังไม่เคยถูกคอมเมนท์

คอมเมนท์ทรัพยากรรายการนี้
  คอมเมนท์: แนวคิดทฤษฎีทางจริ..


 Copyright 2026. Bcnsprnw @Library